Berlin Trivia Quiz - Statistiken

Allgemein
  • Dieses Quiz wurde 181 mal gespielt
  • Das Durchschnittsergebnis liegt bei 16 aus 20
Antwortstatistiken
Hinweis Antwort % Korrekt
Symbol des Kalten Krieges, welches 1989 fiel Berliner {Mauer}
99%
Stadt, die bis 1990 die Hauptstadt West-Deutschlands war Bonn
99%
Wahrzeichen gekrönt von einer Quadriga {Brandenburg} Tor
97%
Berühmtester Grenzübergang zwischen Ost-Berlin und West-Berlin Checkpoint {Charlie}
96%
Wurst mit Ketchup, der mit einem indischen Gewürz aromatisiert ist Currywurst
94%
Tierart im Wappen Berlins Bär
93%
Die beiden großen Flüsse Berlins (nennen Sie einen davon) Havel | Spree
92%
Ein Berliner ist entweder Berliner Bürger oder diese Art von Essen Gefüllter Donut
86%
Person, die sagte: „Ich bin ein Berliner“ John F. Kennedy
85%
Ausländische Hauptstadt, die am nächsten an Berlin liegt Prag
85%
Sitz des Deutschen Bundestages, der 1933 einem Brand zum Opfer fiel {Reichstag} Gebäude
83%
Großer öffentlicher Platz, benannt nach einem russischen Zaren {Alexander}platz
82%
Der Gebäudetyp, der nach vierzehn Jahren Verzögerung endlich im Jahr 2020 eröffnet wurdeund sehr teuer war Flughafen (BER)
82%
Nahe gelegene Stadt, in der 1945 eine Nachkriegskonferenz stattfand Potsdam
82%
Königreich unter der Führung Friedrichs des Großen mit Berlin als Hauptstadt Preußen
82%
Ehemaliges elektronisches Tanzfestival (1989-2006) {Love} Parade
74%
Bürgermeister von Berlin, später Bundeskanzler und Friedensnobelpreisträger 1971 Willy Brandt
62%
Afroamerikanischer Athlet, der bei den Olympischen Spielen 1936 vier Goldmedaillen gewann Jesse Owens
36%
Irische Rockband, die ihr Album "Achtung, Baby!" in Berlin aufgenommen hat U2
28%
1972 Liza Minnelli Film, der über eine Nachtclubsängerin aus den 1930er Jahren handelte Cabaret
14%
Keine übereinstimmenden Quizze gefunden
Verteilung der Resultate
Anzahl Personen mit jedem Resultat
Perzentil nach korrekt beantworteten Fragen
Ihre Resultats-Entwicklung
Sie haben dieses Quiz noch nicht gespielt